000 00746 a2200217 4500
003 UA-OsUOA
005 20260402204634.0
008 260327b un ||||| |||| 00| 0 ukr d
040 _aUA-OsUOA
_bukr
_cUA-OsUOA
_dUA-OsUOA
041 _aukr
080 _a94(477).075
090 _a94(477).075
_bХ34
100 _aХвощовий М.
_924730
245 _a50-ти річчя трагічного голоду в Україні
_cМ. Хвощовий
260 _c1983
_aВінніпеґ
300 _a15 с.
650 _2UDC
_a94(477) Історія України
_924731
942 _cBR
_2udc
955 _a0
999 _c580271
_d580271